7 Days (Record no. 33147)

MARC details
000 -LEADER
fixed length control field 00681nam a2200241 a 4500
003 - CONTROL NUMBER IDENTIFIER
control field CBULib
005 - DATE AND TIME OF LATEST TRANSACTION
control field 20260520091419.0
008 - FIXED-LENGTH DATA ELEMENTS--GENERAL INFORMATION
fixed length control field 130627s2012 ||||||||||||||||| || u
020 ## - INTERNATIONAL STANDARD BOOK NUMBER
International Standard Book Number 9781444723700
040 ## - CATALOGING SOURCE
Language of cataloging English
Transcribing agency CBULib
Description conventions rda
041 ## - LANGUAGE CODE
Language code of text/sound track or separate title eng
050 ## - LIBRARY OF CONGRESS CALL NUMBER
Classification number PT 6592.23.E94 D39
100 ## - MAIN ENTRY--PERSONAL NAME
Personal name Meyer, Deon
245 10 - TITLE STATEMENT
Title 7 Days
Statement of responsibility, etc / by Deon Meyer
260 ## - PUBLICATION, DISTRIBUTION, ETC. (IMPRINT)
Place of publication, distribution, etc London:
Name of publisher, distributor, etc Hodder and Stoughton,
Date of publication, distribution, etc 2012.
300 ## - PHYSICAL DESCRIPTION
Extent 343 pages
336 ## - CONTENT TYPE
Source rdacontent
Content type term Text |
Content type code txt
337 ## - MEDIA TYPE
Source rdamedia
Media type term Unmediated |
Media type code n
338 ## - CARRIER TYPE
Source rdacarrier
Carrier type term Volume
Carrier type code nc
650 #0 - SUBJECT ADDED ENTRY--TOPICAL TERM
Topical term or geographic name as entry element ENGLISH LANGUAGE
9 (RLIN) 166
942 ## - ADDED ENTRY ELEMENTS (KOHA)
Source of classification or shelving scheme
Koha item type MONOGRAPH
Holdings
Withdrawn status Lost status Source of classification or shelving scheme Damaged status Not for loan Permanent Location Current Location Shelving location Date acquired Total Checkouts Full call number Barcode Date last seen Date checked out Price effective from Koha item type
          CBU-MAIN LIBRARY, KITWE. CBU-MAIN LIBRARY, KITWE.   11/30/2022 3 PT 6592.23.E94 D39 744160 05/19/2026 05/15/2026 11/30/2022 MONOGRAPH